| 000 | 00839nam a22002057a 4500 | ||
|---|---|---|---|
| 999 |
_c9502 _d9502 |
||
| 003 | AR-CdUCM | ||
| 008 | 190328b ||||| |||| 00| 0 spa d | ||
| 040 |
_aMUNICIPALIDAD PROVINCIAL DEL CUSCO _cBIBLIOTECA MUNICIPAL DEL CUSCO |
||
| 082 |
_22ed. _a511.3 / _bR67 |
||
| 100 |
_aRiu, Agustín _922079 |
||
| 245 |
_aMatemática Práctica de Taller : _bAritmética Industrial / |
||
| 260 |
_aBuenos Aires : _bLumen ; _c1947. |
||
| 300 |
_a447 páginas ; _bFórmulas, diagramas _c21cm |
||
| 440 |
_aTextos Básicos de Enseñanza Práctica Industrial _n1 _925739 |
||
| 505 | _aContenido: Numeración -- Suma de números enteros -- Resta de los números enteros -- Multiplicación de números enteros -- División de números enteros... | ||
| 650 |
_aMatemática _921292 |
||
| 650 |
_aAritmética _925740 |
||
| 942 |
_2ddc _cLIBROS |
||
| 945 | _anom | ||